00564nam a2200169Ia 450000500170000000800410001702000180005808200130007610000160008924500220010526000540012730000130018150000840019494200060027895200950028499900150037920250612031327.0240331s9999 xx 000 0 und d a9789556770773 bPATa321 aPathirana,M 0aWeikileaks Horava aColombobFast Publishing ( Private) Limitedc2011 a426 p ., aThe fall of neoliberal hegemony and the rise Asia as a postmodern turning point cL 001040708LaWERCLbWERCLcSSCd2024-03-31l0o 321 PATp6685r2024-03-31w2024-03-31yL c5829d5829